Hình học họa hình và vẽ kỹ thuật

Nội dung của sách gồm hai phần: 1) Những kiến thức cơ bản về hình học họa hình, giới thiệu những kiến thức cần thiết về biểu diễn hình. 2) Vẽ kỹ thuật, trình bày những kiến thức cơ bản về việc vẽ và đọc các bản vẽ dùng trong kỹ thu...

全面介绍

Đã lưu trong:
书目详细资料
主要作者: Nguyễn Công Quỳ
格式: 图书
语言:Undetermined
出版: Hà Nội Giáo Dục 1971
主题:
标签: 添加标签
没有标签, 成为第一个标记此记录!
Thư viện lưu trữ: Trung tâm Học liệu Trường Đại học Cần Thơ
LEADER 00884nam a2200181Ia 4500
001 CTU_1932
008 210402s9999 xx 000 0 und d
082 |a 516.6 
082 |b Qu600 
100 |a Nguyễn Công Quỳ 
245 0 |a Hình học họa hình và vẽ kỹ thuật 
245 0 |c Nguyễn Công Quỳ 
260 |a Hà Nội 
260 |b Giáo Dục 
260 |c 1971 
520 |a Nội dung của sách gồm hai phần: 1) Những kiến thức cơ bản về hình học họa hình, giới thiệu những kiến thức cần thiết về biểu diễn hình. 2) Vẽ kỹ thuật, trình bày những kiến thức cơ bản về việc vẽ và đọc các bản vẽ dùng trong kỹ thuật 
650 |a geometry, descriptive 
980 |a Trung tâm Học liệu Trường Đại học Cần Thơ